En torno al estilo; crítica literaria /
Guardado en:
| Autor Principal: | |
|---|---|
| Formato: | Libro |
| Publicado: |
Argentina :
Gleizer,
1931
|
| Materias: | |
| Etiquetas: |
Agregar Etiqueta
Sin Etiquetas, Sea el primero en etiquetar este registro!
|
| LEADER | 00865nam a22001935a 4500 | ||
|---|---|---|---|
| 001 | CEM.cems002994 | ||
| 005 | 19000101000000.0 | ||
| 008 | 130507s1931##################000#0#####d | ||
| 003 | CEMS | ||
| 082 | 0 | 4 | |a 801 |
| 100 | 1 | |a González, Juan B. | |
| 245 | 1 | 0 | |a En torno al estilo; crítica literaria / |c Juan B. González |
| 260 | |a Argentina : |b Gleizer, |c 1931 | ||
| 300 | |a 208 p. | ||
| 505 | 0 | |a En torno al estilo.- Horacio Quiroga, novelista y cuentista.- Aspectoss de la obra de P¡o Baroja.- "Don Segundo Sombra".- "Conceptos estéticos y mitos guaran¡es".- Groussac, novelista.- Carlos B. Quiroga y regionalismo monta¤és.- Libros de D valos.- Benito Lynch y "El romance de un gaucho".- Comentando a Ladislao Reymont. | |
| 653 | |a Critica literaria | ||
| 653 | |a Literatura | ||
| 653 | |a Estilo-literatura | ||
| 859 | |a CEMS |b BIB. CEMS - 11 de abril |h 801 |i G589 |p 10562.81 |t Ej.1 | ||
